Subnautica Biomes by Picture - Statistics

General Stats
  • This quiz has been taken 687 times
  • The average score is 14 of 23
Answer Stats
Picture Answer % Correct
Lost River
79%
Safe Shallows
76%
Crash Zone
74%
Mushroom Forest
74%
Crater Edge
73%
Bulb Zone
72%
Kelp Forest
72%
Lava Lakes
65%
Sea Treader's Path
64%
Inactive Lava Zone
63%
Jellyshroom Caves
63%
Floating Island
62%
Blood Kelp Zone
60%
Grand Reef
60%
Dunes
54%
Mountain Island
53%
Grassy Plateaus
52%
Underwater Islands
51%
Deep Grand Reef
49%
Sparse Reef
48%
Crag Field
46%
Blood Kelp Trench
42%
Mountains
41%
No matching quizzes found
Score Distribution
Percent of People with Each Score
Percentile by Number Answered
Your Score History
You have not taken this quiz